00911cam a22002291 4500001001300000003000400013005001700017008004100034010001700075035002000092040004800112042001200160050002100172100003900193245009800232250002000330260006700350300001800417490005900435500014600494650004100640e 31000690 DLC20260227111221.0870820s1931 nyu b s000 0 eng c ae 31000690  a(OCoLC)16517913 aLibrary, U. S. Office of EducationcAUdDLC apremarc00aZ1037b.H93 19311 aHunt, Clara Whitehill,d1871-1958.14aThe first three hundred books for the children's library,cchosen by Clara Whitehill Hunt ... aEdition 4, rev. aAlbany,bThe University of the State of New York press,c1931. a16 p.c23 cm.0 aUniversity of the State of New York bulletin,vno. 971 a"Note to 1931 edition: Eighty-nine titles appearing in the 1925 edition have been omitted and more recent titles substituted for them."--p.4. 0aChildren's literaturevBibliography.